[Event "Stay Safe Play From Home 365"]
[Site "Emanuel Lasker Arena"]
[Date "2020.08.07"]
[Round "2"]
[White "AChessPlayer"]
[Black "NTBT_DHS"]
[Result "1-0"]
[WhiteElo "2429"]
[BlackElo "2605"]
[Annotator "TA"]
[PlyCount "113"]
[EventDate "2020.08.07"]
[EventType "swiss (blitz)"]

{[%evp 21,113,-12,0,-21,-14,-85,-83,-72,-78,-105,-104,-102,-95,-105,-106,-111,-106,-174,-141,-165,-129,-177,-103,-162,16,14,123,127,120,91,474,287,320,308,1308,412,405,415,1313,1306,1171,1171,1171,1110,1110,1109,1097,1083,1172,1165,1165,1157,1125,1125,1085,1069,5932,5895,5502,4633,5868,1616,5389,2679,5332,5012,1298,1259,5389,5240,2525,2425,5094,1989,29979,29980,29976,29976,29990,29991,29991,29978,29977,29977,29977,29978,29978,29978,29977,29977,29983,29984,29985,29985]} 1. Nf3 Nf6 2. g3 d5 3. Bg2 Bf5 4. O-O e6 5. d3 Be7 6. b3 O-O 7. Bb2 c6 8. c4 h6 9. Nbd2 Bh7 10. Qc2 a5 11. a3 Nbd7 12. Rab1 {[#] A12: English Opening: 1...c6 with b3 by White.} Qb6 $146 ({Predecessor:} 12... Re8 13. Rfc1 e5 14. Ne1 Bd6 15. cxd5 cxd5 16. e4 dxe4 17. dxe4 Rc8 18. Qxc8 Qxc8 19. Rxc8 Rxc8 {1-0 (43) Meijers,V (2483)-Boehm,J (2205) Paderborn 2014}) 13. Ne5 (13. Rbc1 $11 {remains equal.}) 13... Nxe5 $17 14. Bxe5 {Black is better.} Bxa3 15. Bxf6 gxf6 16. Nf3 Be7 17. Rfe1 Rfd8 18. Qc3 e5 {Threatens to win with ...Bb4.} 19. Qc2 (19. Red1 $17 {was called for.}) 19... Qc5 20. Nh4 b5 21. Bh3 bxc4 (21... dxc4 $19 22. bxc4 Qxc4 $1 {[%mdl 512]}) 22. bxc4 (22. Rec1 $17) 22... Qxc4 $2 (22... dxc4 $19 23. Nf5 cxd3) 23. Qd2 $11 Qc5 (23... Qa6 $1 $11) 24. Qxh6 $16 Bf8 {[#]} 25. Qh5 $1 $40 {[%mdl 128] Rb7! is the strong threat. White wants a kill.} Bg7 $2 {[%mdl 8192] Loses the game.} (25... Rdb8 $16) 26. Bf5 Bxf5 27. Nxf5 a4 $2 {[#]} (27... Ra7 28. Ra1 Qf8) 28. Qg4 (28. Rb7 $142 $1 {[%mdl 512]} Qf8 29. Ne7+ Qxe7 30. Rxe7) 28... Qf8 $18 29. Rb7 {Hoping for Ne7+.} Kh7 (29... Re8 $142 30. Ra1 Kh8 31. Rxa4 Rxa4 32. Qxa4 Kg8) 30. Qh5+ {[%mdl 64] Double Attack} Kg8 31. Ne7+ Qxe7 32. Rxe7 Rf8 33. Ra1 a3 34. Rb7 f5 35. Rb3 a2 36. Rb2 e4 37. Raxa2 Bxb2 38. Rxb2 Rae8 39. Qg5+ Kh7 40. Qxf5+ Kg7 41. Rb6 Re6 42. dxe4 dxe4 43. Rb4 Rfe8 44. Rc4 R8e7 45. Rc5 Rg6 46. Qf4 Ree6 47. h4 e3 48. fxe3 {White mates.} Rgf6 49. Rf5 c5 50. Rxf6 Rxf6 {[%mdl 4096] Endgame KQ-KR} 51. Qg5+ Rg6 52. Qxc5 Rxg3+ 53. Kf2 Rg6 54. Qf5 Rh6 55. e4 Rh8 56. Qg5+ Kf8 57. h5 {Accuracy: White = 45%, Black = 30%.} 1-0

[Event "Stay Safe Play From Home 365"]
[Site "Emanuel Lasker Arena"]
[Date "2020.08.07"]
[Round "2"]
[White "BrainThinker22"]
[Black "Oznog"]
[Result "1/2-1/2"]
[WhiteElo "2333"]
[BlackElo "1802"]
[Annotator "NA"]
[PlyCount "82"]
[EventDate "2020.08.07"]
[EventType "swiss (blitz)"]

1. e4 {[%emt 0:00:01]} c5 {[%emt 0:00:01]} 2. Nc3 {[%emt 0:00:00]} Nc6 {[%emt 0:00:01]} 3. g3 {[%emt 0:00:00]} g6 {[%emt 0:00:00]} 4. Bg2 {[%emt 0:00:00]} Bg7 {[%emt 0:00:00]} 5. d3 {[%emt 0:00:00]} e6 {[%emt 0:00:00]} 6. Be3 {[%emt 0:00:00]} d6 {[%emt 0:00:02]} 7. Qd2 {[%emt 0:00:00]} Nge7 {[%emt 0:00:01]} 8. Bh6 {[%emt 0:00:01]} Bf6 {[%emt 0:00:05]} 9. h4 {[%emt 0:00:01]} Ng8 {[%emt 0:00:01]} 10. Be3 {[%emt 0:00:01]} h5 {[%emt 0:00:01]} 11. Nge2 {[%emt 0:00:01]} Nge7 {[%emt 0:00:02]} 12. f4 {[%emt 0:00:01]} b6 {[%emt 0:00:01]} 13. O-O {[%emt 0:00:01]} e5 {[%emt 0:00:03]} 14. Nd5 {[%emt 0:00:03]} Bg7 {[%emt 0:00:02]} 15. c3 {[%emt 0:00:04]} Nxd5 {[%emt 0:00:01]} 16. exd5 {[%emt 0:00:00]} Ne7 {[%emt 0:00:01]} 17. fxe5 {[%emt 0:00:00]} dxe5 {[%emt 0:00:02]} 18. Bg5 {[%emt 0:00:01]} Qd6 {[%emt 0:00:02]} 19. d4 {[%emt 0:00:05]} exd4 {[%emt 0:00:02]} 20. cxd4 {[%emt 0:00:01]} Nf5 {[%emt 0:00:01]} 21. Bf4 {[%emt 0:00:03]} Qb8 {[%emt 0:00:05]} 22. Bxb8 {[%emt 0:00:02]} Rxb8 {[%emt 0:00:01]} 23. Rxf5 {[%emt 0:00:02]} Bxf5 {[%emt 0:00:02]} 24. dxc5 {[%emt 0:00:00]} bxc5 {[%emt 0:00:01]} 25. Nc3 {[%emt 0:00:01]} O-O {[%emt 0:00:01]} 26. Rf1 {[%emt 0:00:04]} Bg4 {[%emt 0:00:02]} 27. Be4 {[%emt 0:00:01]} Rfd8 {[%emt 0:00:01]} 28. Qf4 {[%emt 0:00:02]} Bd4+ {[%emt 0:00:01]} 29. Kg2 {[%emt 0:00:01]} Rb7 {[%emt 0:00:03]} 30. d6 {[%emt 0:00:02]} Rxb2+ {[%emt 0:00:01]} 31. Kh1 {[%emt 0:00:03]} Bh3 {[%emt 0:00:01]} 32. Qxf7+ {[%emt 0:00:02]} Kh8 {[%emt 0:00:01]} 33. Bxg6 {[%emt 0:00:02]} Bg2+ {[%emt 0:00:01]} 34. Kh2 {[%emt 0:00:02]} Bxf1+ {[%emt 0:00:02]} 35. Kh1 {[%emt 0:00:04]} Bg2+ {[%emt 0:00:03]} 36. Kh2 {[%emt 0:00:01]} Bf1+ {[%emt 0:00:01]} 37. Ne2 {[%emt 0:00:02]} Rxe2+ {[%emt 0:00:02]} 38. Kh1 {[%emt 0:00:00]} Bg2+ {[%emt 0:00:00]} 39. Kh2 {[%emt 0:00:00]} Bf1+ {[%emt 0:00:00]} 40. Kh1 {[%emt 0:00:00]} Bg2+ {[%emt 0:00:00]} 41. Kh2 {[%emt 0:00:00]} Bf1+ {[%emt 0:00:00] (Lag: Av=0.43s, max=0.6s) (Lag: Av=0.43s, max=0.6s) (Lag: Av=0.43s, max=0.6s) (Lag: Av=0.43s, max=0.6s) (Lag: Av=0.43s, max=0.6s)} 1/2-1/2

[Event "Stay Safe Play From Home 365"]
[Site "Emanuel Lasker Arena"]
[Date "2020.08.07"]
[Round "2"]
[White "Hickey"]
[Black "Ao017545"]
[Result "1-0"]
[WhiteElo "2126"]
[BlackElo "1746"]
[Annotator "NA"]
[PlyCount "45"]
[EventDate "2020.08.07"]
[EventType "swiss (blitz)"]

1. Nf3 {[%emt 0:00:02]} e5 {[%emt 0:00:00]} 2. g3 {[%emt 0:00:00]} Nc6 {[%emt 0:00:02]} 3. d3 {[%emt 0:00:01]} Bc5 {[%emt 0:00:00]} 4. Bg2 {[%emt 0:00:01]} Nf6 {[%emt 0:00:00]} 5. O-O {[%emt 0:00:00]} Bd6 {[%emt 0:00:02]} 6. c3 {[%emt 0:00:00]} e4 {[%emt 0:00:01]} 7. dxe4 {[%emt 0:00:01]} Nxe4 {[%emt 0:00:00]} 8. Nbd2 {[%emt 0:00:00]} f5 {[%emt 0:00:03]} 9. Nxe4 {[%emt 0:00:01]} fxe4 {[%emt 0:00:01]} 10. Ng5 {[%emt 0:00:00]} Qe7 {[%emt 0:00:05]} 11. Nxe4 {[%emt 0:00:01]} Ne5 {[%emt 0:00:03]} 12. Nxd6+ {[%emt 0:00:02]} cxd6 {[%emt 0:00:03]} 13. Bf4 {[%emt 0:00:02]} O-O {[%emt 0:00:00]} 14. Qc1 {[%emt 0:00:03]} Ng6 {[%emt 0:00:04]} 15. Bg5 {[%emt 0:00:03]} Ne5 {[%emt 0:00:00]} 16. Bxe7 {[%emt 0:00:03]} Rf7 {[%emt 0:00:01]} 17. Bxd6 {[%emt 0:00:01]} Nc4 {[%emt 0:00:02]} 18. Ba3 {[%emt 0:00:03]} Kh8 {[%emt 0:00:05]} 19. Bd5 {[%emt 0:00:02]} Nxa3 {[%emt 0:00:08]} 20. Bxf7 {[%emt 0:00:02]} Nb5 {[%emt 0:00:00]} 21. Qg5 {[%emt 0:00:02]} h6 {[%emt 0:00:03]} 22. Qd8+ {[%emt 0:00:02]} Kh7 {[%emt 0:00:02]} 23. Qg8# {[%emt 0:00:00] (Lag: Av=0.86s, max=1.1s) (Lag: Av=0.86s, max=1.1s) (Lag: Av=0.86s, max=1.1s) (Lag: Av=0.86s, max=1.1s) (Lag: Av=0.86s, max=1.1s)} 1-0

[Event "Stay Safe Play From Home 365"]
[Site "Emanuel Lasker Arena"]
[Date "2020.08.07"]
[Round "2"]
[White "TheCHESSHOUSE"]
[Black "Lamborghini"]
[Result "0-1"]
[WhiteElo "2034"]
[BlackElo "2330"]
[PlyCount "118"]
[EventDate "2020.08.07"]
[EventType "swiss (blitz)"]

1. d4 {[%emt 0:00:03]} Nf6 {[%emt 0:00:02]} 2. c4 {[%emt 0:00:01]} g6 {[%emt 0:00:01]} 3. Nc3 {[%emt 0:00:01]} Bg7 {[%emt 0:00:00]} 4. e4 {[%emt 0:00:00]} O-O {[%emt 0:00:00]} 5. Nf3 {[%emt 0:00:00]} d6 {[%emt 0:00:00]} 6. Be2 {[%emt 0:00:00]} Bg4 {[%emt 0:00:01]} 7. O-O {[%emt 0:00:01]} Nfd7 {[%emt 0:00:02]} 8. Be3 {[%emt 0:00:01]} c5 {[%emt 0:00:01]} 9. Qd2 {[%emt 0:00:03]} Bxf3 {[%emt 0:00:01]} 10. Bxf3 {[%emt 0:00:00]} Nc6 {[%emt 0:00:00]} 11. dxc5 {[%emt 0:00:03]} dxc5 {[%emt 0:00:02]} 12. Rad1 {[%emt 0:00:03]} Nde5 {[%emt 0:00:01]} 13. Be2 {[%emt 0:00:03]} Qxd2 {[%emt 0:00:04]} 14. Rxd2 {[%emt 0:00:00]} Rfd8 {[%emt 0:00:01]} 15. Rfd1 {[%emt 0:00:01]} Rxd2 {[%emt 0:00:01]} 16. Rxd2 {[%emt 0:00:00]} Nd4 {[%emt 0:00:03]} 17. Bf1 {[%emt 0:00:01]} Nec6 {[%emt 0:00:03]} 18. f3 {[%emt 0:00:06]} e6 {[%emt 0:00:01]} 19. Kf2 {[%emt 0:00:01]} Rd8 {[%emt 0:00:01]} 20. a3 {[%emt 0:00:01]} a6 {[%emt 0:00:01]} 21. Na4 {[%emt 0:00:02]} Bf8 {[%emt 0:00:02]} 22. g3 {[%emt 0:00:04]} h5 {[%emt 0:00:02]} 23. Bg2 {[%emt 0:00:03]} Be7 {[%emt 0:00:01]} 24. Bf1 {[%emt 0:00:01]} Rd7 {[%emt 0:00:06]} 25. Be2 {[%emt 0:00:01]} Kf8 {[%emt 0:00:01]} 26. Nb6 {[%emt 0:00:02]} Rd8 {[%emt 0:00:01]} 27. Na4 {[%emt 0:00:01]} Ke8 {[%emt 0:00:00]} 28. Nc3 {[%emt 0:00:01]} Kd7 {[%emt 0:00:02]} 29. Na4 {[%emt 0:00:02]} Kc7 {[%emt 0:00:01]} 30. Rd3 {[%emt 0:00:01]} b6 {[%emt 0:00:01]} 31. Bd2 {[%emt 0:00:01]} Ne5 {[%emt 0:00:01]} 32. Rc3 {[%emt 0:00:01]} Nxe2 {[%emt 0:00:02]} 33. Kxe2 {[%emt 0:00:00]} Bf6 {[%emt 0:00:02]} 34. Rc2 {[%emt 0:00:02]} Nc6 {[%emt 0:00:01]} 35. Be3 {[%emt 0:00:01]} Bd4 {[%emt 0:00:01]} 36. Nc3 {[%emt 0:00:03]} Bxc3 {[%emt 0:00:01]} 37. bxc3 {[%emt 0:00:01]} e5 {[%emt 0:00:01]} 38. Rd2 {[%emt 0:00:01]} Rxd2+ {[%emt 0:00:02]} 39. Bxd2 {[%emt 0:00:00]} f6 {[%emt 0:00:00]} 40. Kd3 {[%emt 0:00:01]} Kd6 {[%emt 0:00:01]} 41. f4 {[%emt 0:00:00]} Ke6 {[%emt 0:00:01]} 42. h3 {[%emt 0:00:01]} exf4 {[%emt 0:00:01]} 43. Bxf4 {[%emt 0:00:01]} Ne5+ {[%emt 0:00:01]} 44. Bxe5 {[%emt 0:00:00]} Kxe5 {[%emt 0:00:00]} 45. g4 {[%emt 0:00:00]} hxg4 {[%emt 0:00:01]} 46. hxg4 {[%emt 0:00:00]} Kf4 {[%emt 0:00:00]} 47. g5 {[%emt 0:00:00]} Kxg5 {[%emt 0:00:01]} 48. e5 {[%emt 0:00:00]} fxe5 {[%emt 0:00:01]} 49. Ke4 {[%emt 0:00:00]} Kf6 {[%emt 0:00:00]} 50. Kd5 {[%emt 0:00:00]} Kf5 {[%emt 0:00:00]} 51. Kc6 {[%emt 0:00:00]} e4 {[%emt 0:00:00]} 52. Kxb6 {[%emt 0:00:00]} e3 {[%emt 0:00:00]} 53. Kxc5 {[%emt 0:00:00]} e2 {[%emt 0:00:00]} 54. Kb6 {[%emt 0:00:00]} e1=Q {[%emt 0:00:00]} 55. c5 {[%emt 0:00:00]} Qxc3 {[%emt 0:00:01]} 56. Kb7 {[%emt 0:00:00]} Qxa3 {[%emt 0:00:00]} 57. c6 {[%emt 0:00:01]} Qb4+ {[%emt 0:00:00]} 58. Kc7 {[%emt 0:00:01]} a5 {[%emt 0:00:00]} 59. Kd8 {[%emt 0:00:00]} Qd6+ {[%emt 0:00:01] Time Time Time Time Time (Lag: Av=0.78s, max=1.7s) (Lag: Av=0.78s, max=1.7s) (Lag: Av=0.78s, max=1.7s) (Lag: Av=0.78s, max=1.7s) (Lag: Av=0.78s, max=1.7s)} 0-1

[Event "Stay Safe Play From Home 365"]
[Site "Emanuel Lasker Arena"]
[Date "2020.08.07"]
[Round "2"]
[White "Lazieri3"]
[Black "Trotsky"]
[Result "1-0"]
[WhiteElo "2028"]
[BlackElo "1538"]
[PlyCount "55"]
[EventDate "2020.08.07"]
[EventType "swiss (blitz)"]

1. f3 {[%emt 0:00:03]} c5 {[%emt 0:00:01]} 2. e4 {[%emt 0:00:00]} Nc6 {[%emt 0:00:01]} 3. d3 {[%emt 0:00:02]} Nf6 {[%emt 0:00:01]} 4. g3 {[%emt 0:00:00]} e6 {[%emt 0:00:01]} 5. Bh3 {[%emt 0:00:00]} d6 {[%emt 0:00:02]} 6. Ne2 {[%emt 0:00:01]} Qc7 {[%emt 0:00:00]} 7. O-O {[%emt 0:00:00]} Be7 {[%emt 0:00:01]} 8. f4 {[%emt 0:00:01]} b6 {[%emt 0:00:00]} 9. Be3 {[%emt 0:00:01]} Bb7 {[%emt 0:00:01]} 10. Nbc3 {[%emt 0:00:02]} a6 {[%emt 0:00:03]} 11. Qd2 {[%emt 0:00:01]} Rd8 {[%emt 0:00:01]} 12. a3 {[%emt 0:00:00]} O-O {[%emt 0:00:01]} 13. Bg2 {[%emt 0:00:00]} Kh8 {[%emt 0:00:01]} 14. Rad1 {[%emt 0:00:01]} e5 {[%emt 0:00:01]} 15. fxe5 {[%emt 0:00:01]} dxe5 {[%emt 0:00:01]} 16. Nd5 {[%emt 0:00:01]} Nxd5 {[%emt 0:00:03]} 17. exd5 {[%emt 0:00:00]} Nd4 {[%emt 0:00:03]} 18. c4 {[%emt 0:00:01]} Nf5 {[%emt 0:00:02]} 19. Bg5 {[%emt 0:00:01]} f6 {[%emt 0:00:02]} 20. Rxf5 {[%emt 0:00:02]} fxg5 {[%emt 0:00:02]} 21. Rdf1 {[%emt 0:00:02]} Bd6 {[%emt 0:00:02]} 22. Qxg5 {[%emt 0:00:02]} Rxf5 {[%emt 0:00:03]} 23. Qxf5 {[%emt 0:00:02]} Qb8 {[%emt 0:00:04]} 24. Be4 {[%emt 0:00:01]} g6 {[%emt 0:00:14]} 25. Qf6+ {[%emt 0:00:01]} Kg8 {[%emt 0:00:01]} 26. Qf7+ {[%emt 0:00:01]} Kh8 {[%emt 0:00:02]} 27. Bxg6 {[%emt 0:00:02]} Rf8 {[%emt 0:00:02]} 28. Qxh7# {[%emt 0:00:01] (Lag: Av=0.38s, max=0.8s) (Lag: Av=0.38s, max=0.8s) (Lag: Av=0.38s, max=0.8s) (Lag: Av=0.38s, max=0.8s) (Lag: Av=0.38s, max=0.8s)} 1-0

[Event "Stay Safe Play From Home 365"]
[Site "Emanuel Lasker Arena"]
[Date "2020.08.07"]
[Round "2"]
[White "Haxhi Baha"]
[Black "Buzaglo"]
[Result "1-0"]
[WhiteElo "2016"]
[BlackElo "1824"]
[PlyCount "67"]
[EventDate "2020.08.07"]
[EventType "swiss (blitz)"]

1. e4 {[%emt 0:00:01]} e6 {[%emt 0:00:00]} 2. d4 {[%emt 0:00:01]} d5 {[%emt 0:00:00]} 3. exd5 {[%emt 0:00:00]} c5 {[%emt 0:00:00]} 4. Nf3 {[%emt 0:00:00]} exd5 {[%emt 0:00:01]} 5. c3 {[%emt 0:00:01]} c4 {[%emt 0:00:01]} 6. b3 {[%emt 0:00:01]} Bd6 {[%emt 0:00:01]} 7. bxc4 {[%emt 0:00:01]} Nf6 {[%emt 0:00:00]} 8. c5 {[%emt 0:00:01]} Bc7 {[%emt 0:00:01]} 9. Bd3 {[%emt 0:00:01]} O-O {[%emt 0:00:00]} 10. O-O {[%emt 0:00:00]} Bg4 {[%emt 0:00:01]} 11. h3 {[%emt 0:00:00]} Bh5 {[%emt 0:00:01]} 12. Bg5 {[%emt 0:00:01]} h6 {[%emt 0:00:01]} 13. Bh4 {[%emt 0:00:01]} Bg6 {[%emt 0:00:01]} 14. Bxg6 {[%emt 0:00:02]} fxg6 {[%emt 0:00:00]} 15. Qc2 {[%emt 0:00:00]} g5 {[%emt 0:00:01]} 16. Bg3 {[%emt 0:00:02]} Ne4 {[%emt 0:00:00]} 17. Bxc7 {[%emt 0:00:04]} Qxc7 {[%emt 0:00:01]} 18. Nbd2 {[%emt 0:00:01]} Nc6 {[%emt 0:00:01]} 19. c4 {[%emt 0:00:02]} Nxd2 {[%emt 0:00:01]} 20. Qxd2 {[%emt 0:00:01]} dxc4 {[%emt 0:00:02]} 21. Qc2 {[%emt 0:00:04]} Na5 {[%emt 0:00:02]} 22. Rae1 {[%emt 0:00:07]} Rae8 {[%emt 0:00:00]} 23. Ne5 {[%emt 0:00:02]} b5 {[%emt 0:00:06]} 24. cxb6 {[%emt 0:00:02]} axb6 {[%emt 0:00:01]} 25. Qg6 {[%emt 0:00:02]} c3 {[%emt 0:00:06]} 26. Ng4 {[%emt 0:00:03]} Kh8 {[%emt 0:00:09]} 27. Rxe8 {[%emt 0:00:02]} Qf7 {[%emt 0:00:05]} 28. Qxf7 {[%emt 0:00:04]} Kh7 {[%emt 0:00:01]} 29. Qxf8 {[%emt 0:00:01]} Kg6 {[%emt 0:00:01]} 30. Re5 {[%emt 0:00:02]} Kh5 {[%emt 0:00:00]} 31. Qe8+ {[%emt 0:00:01]} g6 {[%emt 0:00:00]} 32. Nf6+ {[%emt 0:00:02]} Kh4 {[%emt 0:00:04]} 33. Kh2 {[%emt 0:00:00]} g4 {[%emt 0:00:00]} 34. g3# {[%emt 0:00:00] (Lag: Av=0.62s, max=0.8s) (Lag: Av=0.62s, max=0.8s) (Lag: Av=0.62s, max=0.8s) (Lag: Av=0.62s, max=0.8s) (Lag: Av=0.62s, max=0.8s)} 1-0

[Event "Stay Safe Play From Home 365"]
[Site "Emanuel Lasker Arena"]
[Date "2020.08.07"]
[Round "2"]
[White "Stefanone"]
[Black "Tran Minh Thang"]
[Result "0-1"]
[WhiteElo "1954"]
[BlackElo "2432"]
[PlyCount "72"]
[EventDate "2020.08.07"]
[EventType "swiss (blitz)"]

1. d4 {[%emt 0:00:00]} Nf6 {[%emt 0:00:00]} 2. e3 {[%emt 0:00:00]} e6 {[%emt 0:00:00]} 3. Nf3 {[%emt 0:00:00]} c5 {[%emt 0:00:00]} 4. b3 {[%emt 0:00:00]} b6 {[%emt 0:00:00]} 5. Bb2 {[%emt 0:00:01]} Bb7 {[%emt 0:00:00]} 6. Bd3 {[%emt 0:00:01]} Qc7 {[%emt 0:00:00]} 7. Qe2 {[%emt 0:00:01]} Be7 {[%emt 0:00:01]} 8. Ne5 {[%emt 0:00:01]} d6 {[%emt 0:00:01]} 9. Nf3 {[%emt 0:00:01]} Nbd7 {[%emt 0:00:00]} 10. Nbd2 {[%emt 0:00:01]} e5 {[%emt 0:00:01]} 11. dxe5 {[%emt 0:00:01]} dxe5 {[%emt 0:00:00]} 12. e4 {[%emt 0:00:01]} O-O {[%emt 0:00:02]} 13. Nc4 {[%emt 0:00:01]} Bd6 {[%emt 0:00:01]} 14. Nxd6 {[%emt 0:00:02]} Qxd6 {[%emt 0:00:00]} 15. O-O {[%emt 0:00:00]} a6 {[%emt 0:00:01]} 16. Nd2 {[%emt 0:00:01]} b5 {[%emt 0:00:02]} 17. c4 {[%emt 0:00:01]} b4 {[%emt 0:00:01]} 18. Bc2 {[%emt 0:00:01]} Rfd8 {[%emt 0:00:01]} 19. Nf3 {[%emt 0:00:01]} Qc7 {[%emt 0:00:05]} 20. Rad1 {[%emt 0:00:01]} Re8 {[%emt 0:00:01]} 21. h3 {[%emt 0:00:01]} Rad8 {[%emt 0:00:01]} 22. Nh4 {[%emt 0:00:01]} Nf8 {[%emt 0:00:01]} 23. Nf5 {[%emt 0:00:01]} Ne6 {[%emt 0:00:00]} 24. f3 {[%emt 0:00:01]} Nd4 {[%emt 0:00:02]} 25. Nxd4 {[%emt 0:00:02]} exd4 {[%emt 0:00:00]} 26. Bd3 {[%emt 0:00:01]} Qf4 {[%emt 0:00:02]} 27. Qf2 {[%emt 0:00:02]} Nh5 {[%emt 0:00:01]} 28. Bc1 {[%emt 0:00:03]} Qg3 {[%emt 0:00:01]} 29. f4 {[%emt 0:00:02]} Qxf2+ {[%emt 0:00:01]} 30. Rxf2 {[%emt 0:00:00]} Bxe4 {[%emt 0:00:00]} 31. Bxe4 {[%emt 0:00:01]} Rxe4 {[%emt 0:00:00]} 32. f5 {[%emt 0:00:01]} Ng3 {[%emt 0:00:01]} 33. Rd3 {[%emt 0:00:02]} Re1+ {[%emt 0:00:02]} 34. Kh2 {[%emt 0:00:02]} Nf1+ {[%emt 0:00:00]} 35. Kg1 {[%emt 0:00:02]} Ne3+ {[%emt 0:00:02]} 36. Kh2 {[%emt 0:00:01]} Rxc1 {[%emt 0:00:01] Stefanone abbandona Stefanone abbandona Stefanone abbandona Stefanone abbandona Stefanone abbandona (Lag: Av=0.71s, max=1.2s) (Lag: Av=0.71s, max=1.2s) (Lag: Av=0.71s, max=1.2s) (Lag: Av=0.71s, max=1.2s) (Lag: Av=0.71s, max=1.2s)} 0-1

[Event "Stay Safe Play From Home 365"]
[Site "Emanuel Lasker Arena"]
[Date "2020.08.07"]
[Round "2"]
[White "Cirovicz"]
[Black "SoulofWolf"]
[Result "0-1"]
[WhiteElo "1779"]
[BlackElo "2197"]
[PlyCount "78"]
[EventDate "2020.08.07"]
[EventType "swiss (blitz)"]

1. e4 {[%emt 0:00:02]} c5 {[%emt 0:00:00]} 2. Nf3 {[%emt 0:00:01]} e6 {[%emt 0:00:00]} 3. d3 {[%emt 0:00:00]} a6 {[%emt 0:00:00]} 4. c3 {[%emt 0:00:00]} b5 {[%emt 0:00:00]} 5. Be3 {[%emt 0:00:00]} Bb7 {[%emt 0:00:01]} 6. d4 {[%emt 0:00:00]} Qc7 {[%emt 0:00:01]} 7. d5 {[%emt 0:00:01]} exd5 {[%emt 0:00:00]} 8. exd5 {[%emt 0:00:01]} Nf6 {[%emt 0:00:01]} 9. c4 {[%emt 0:00:01]} Bd6 {[%emt 0:00:02]} 10. b3 {[%emt 0:00:01]} O-O {[%emt 0:00:01]} 11. Nbd2 {[%emt 0:00:01]} Re8 {[%emt 0:00:02]} 12. Be2 {[%emt 0:00:01]} b4 {[%emt 0:00:01]} 13. O-O {[%emt 0:00:01]} a5 {[%emt 0:00:05]} 14. Re1 {[%emt 0:00:01]} Na6 {[%emt 0:00:01]} 15. Nf1 {[%emt 0:00:01]} h6 {[%emt 0:00:00]} 16. Ng3 {[%emt 0:00:01]} Bf4 {[%emt 0:00:03]} 17. Qd2 {[%emt 0:00:01]} Bxe3 {[%emt 0:00:01]} 18. fxe3 {[%emt 0:00:01]} Qd6 {[%emt 0:00:03]} 19. Bd3 {[%emt 0:00:01]} Nc7 {[%emt 0:00:04]} 20. e4 {[%emt 0:00:01]} Qf8 {[%emt 0:00:01]} 21. e5 {[%emt 0:00:01]} Nh7 {[%emt 0:00:02]} 22. Bf5 {[%emt 0:00:02]} g6 {[%emt 0:00:01]} 23. Bxd7 {[%emt 0:00:01]} Re7 {[%emt 0:00:02]} 24. e6 {[%emt 0:00:01]} fxe6 {[%emt 0:00:06]} 25. dxe6 {[%emt 0:00:01]} Rd8 {[%emt 0:00:03]} 26. Qxh6 {[%emt 0:00:02]} Qxh6 {[%emt 0:00:01]} 27. Ne5 {[%emt 0:00:05]} Nxe6 {[%emt 0:00:02]} 28. Bxe6+ {[%emt 0:00:02]} Rxe6 {[%emt 0:00:00]} 29. Ng4 {[%emt 0:00:01]} Rxe1+ {[%emt 0:00:01]} 30. Rxe1 {[%emt 0:00:02]} Qf4 {[%emt 0:00:01]} 31. Nf2 {[%emt 0:00:02]} Rf8 {[%emt 0:00:03]} 32. Rf1 {[%emt 0:00:04]} Ng5 {[%emt 0:00:02]} 33. h4 {[%emt 0:00:01]} Ne6 {[%emt 0:00:02]} 34. Ne2 {[%emt 0:00:01]} Qe3 {[%emt 0:00:02]} 35. Nc1 {[%emt 0:00:03]} Nf4 {[%emt 0:00:01]} 36. Kh1 {[%emt 0:00:05] . . . . .} Qg3 {[%emt 0:00:01]} 37. Ne4 {[%emt 0:00:03]} Bxe4 {[%emt 0:00:01]} 38. Rf3 {[%emt 0:00:01]} Bxf3 {[%emt 0:00:01]} 39. gxf3 {[%emt 0:00:01]} Qg2# {[%emt 0:00:00] (Lag: Av=0.58s, max=1.6s) (Lag: Av=0.58s, max=1.6s) (Lag: Av=0.58s, max=1.6s) (Lag: Av=0.58s, max=1.6s) (Lag: Av=0.58s, max=1.6s)} 0-1

[Event "Stay Safe Play From Home 365"]
[Site "Emanuel Lasker Arena"]
[Date "2020.08.07"]
[Round "2"]
[White "Vask"]
[Black "Batabat1955"]
[Result "0-1"]
[WhiteElo "1620"]
[BlackElo "1930"]
[Annotator "NA"]
[PlyCount "36"]
[EventDate "2020.08.07"]
[EventType "swiss (blitz)"]

1. b4 {[%emt 0:00:08]} e6 {[%emt 0:00:00]} 2. Bb2 {[%emt 0:00:02]} Nf6 {[%emt 0:00:01]} 3. g3 {[%emt 0:00:04]} Bxb4 {[%emt 0:00:02]} 4. Bg2 {[%emt 0:00:03]} d5 {[%emt 0:00:01]} 5. Bxf6 {[%emt 0:00:05]} Qxf6 {[%emt 0:00:01]} 6. c3 {[%emt 0:00:03]} Bd6 {[%emt 0:00:02]} 7. Qa4+ {[%emt 0:00:01]} Bd7 {[%emt 0:00:02]} 8. Qb3 {[%emt 0:00:01]} b6 {[%emt 0:00:01]} 9. Nf3 {[%emt 0:00:04]} Nc6 {[%emt 0:00:01]} 10. Nh4 {[%emt 0:00:02]} O-O {[%emt 0:00:02]} 11. O-O {[%emt 0:00:03]} Na5 {[%emt 0:00:01]} 12. Qc2 {[%emt 0:00:02]} c5 {[%emt 0:00:01]} 13. f4 {[%emt 0:00:01]} g6 {[%emt 0:00:01]} 14. f5 {[%emt 0:00:02]} gxf5 {[%emt 0:00:03]} 15. Qd1 {[%emt 0:00:06]} Rae8 {[%emt 0:00:03]} 16. e4 {[%emt 0:00:03]} dxe4 {[%emt 0:00:01]} 17. Qh5 {[%emt 0:00:03]} Kh8 {[%emt 0:00:03]} 18. Nxf5 {[%emt 0:00:03]} exf5 {[%emt 0:00:02] TimeW TimeW TimeW TimeW TimeW} 0-1

[Event "Stay Safe Play From Home 365"]
[Site "Emanuel Lasker Arena"]
[Date "2020.08.07"]
[Round "2"]
[White "Klasman"]
[Black "Sfantul321"]
[Result "0-1"]
[WhiteElo "1419"]
[BlackElo "1955"]
[Annotator "NA"]
[PlyCount "50"]
[EventDate "2020.08.07"]
[EventType "swiss (blitz)"]

1. f4 {[%emt 0:00:02]} g6 {[%emt 0:00:06]} 2. e4 {[%emt 0:00:02]} Bg7 {[%emt 0:00:00]} 3. d4 {[%emt 0:00:01]} d6 {[%emt 0:00:00]} 4. c4 {[%emt 0:00:01]} Nf6 {[%emt 0:00:00]} 5. Nc3 {[%emt 0:00:02]} O-O {[%emt 0:00:01]} 6. Bd3 {[%emt 0:00:01]} Nc6 {[%emt 0:00:01]} 7. Nf3 {[%emt 0:00:01]} Bg4 {[%emt 0:00:01]} 8. Be3 {[%emt 0:00:02]} e5 {[%emt 0:00:01]} 9. fxe5 {[%emt 0:00:03]} dxe5 {[%emt 0:00:01]} 10. d5 {[%emt 0:00:03]} Nd4 {[%emt 0:00:01]} 11. Bxd4 {[%emt 0:00:02]} exd4 {[%emt 0:00:01]} 12. Ne2 {[%emt 0:00:03]} Nd7 {[%emt 0:00:01]} 13. O-O {[%emt 0:00:05]} c5 {[%emt 0:00:02]} 14. dxc6 {[%emt 0:00:04]} bxc6 {[%emt 0:00:01]} 15. Qb3 {[%emt 0:00:03]} c5 {[%emt 0:00:02]} 16. e5 {[%emt 0:00:04]} Bxf3 {[%emt 0:00:02]} 17. Rxf3 {[%emt 0:00:02]} Nxe5 {[%emt 0:00:01]} 18. Rf2 {[%emt 0:00:05]} Nxd3 {[%emt 0:00:01]} 19. Qxd3 {[%emt 0:00:01]} Rb8 {[%emt 0:00:00]} 20. b3 {[%emt 0:00:03]} Re8 {[%emt 0:00:01]} 21. Raf1 {[%emt 0:00:02]} Re7 {[%emt 0:00:02]} 22. Nf4 {[%emt 0:00:02]} Bh6 {[%emt 0:00:03]} 23. Nd5 {[%emt 0:00:02]} Rd7 {[%emt 0:00:02]} 24. Nf6+ {[%emt 0:00:03]} Kh8 {[%emt 0:00:04]} 25. Nxd7 {[%emt 0:00:01]} Be3 {[%emt 0:00:02] Time Time Time Time Time (Lag: Av=0.39s, max=0.6s) (Lag: Av=0.39s, max=0.6s) (Lag: Av=0.39s, max=0.6s) (Lag: Av=0.39s, max=0.6s) (Lag: Av=0.39s, max=0.6s)} 0-1